000 00584nam a2200205Ii 4500
001 5492
003 CO-ViMGA
008 241108s9999||||xx |||||||||||||| ||und||
040 _aCO-ViMGA
_bspa
_erda
_cCO-ViMGA
041 0 _aunk
082 0 4 _a833-L281p
100 1 _aReinhard Lettav
_956792
245 1 0 _aPaseo en carroza
264 1 _a[Lugar de publicación no identificado] : Destino, 1964
300 _avolumen
336 _atext
_btxt
_2rdacontent
337 _aunmediated
_bn
_2rdamedia
338 _avolume
_bnc
_2rdacarrier
940 _aidficha_siabuc: 5346. -- ficha_no_siabuc:5492
999 _c54928
_d54928